Concepts of molecular genetics (Record no. 28041)

MARC details
000 -LEADER
fixed length control field 00561nam a2200229Ia 4500
082 ## - DEWEY DECIMAL CLASSIFICATION NUMBER
Classification number 577.21
Item number WOO
100 ## - MAIN ENTRY--AUTHOR NAME
Personal name WOODWARD, Dow O
245 #0 - TITLE STATEMENT
Title Concepts of molecular genetics
260 ## - PUBLICATION, DISTRIBUTION, ETC. (IMPRINT)
Place of publication New York
Name of publisher McGraw-Hill
Year of publication 1977
650 ## - SUBJECT ADDED ENTRY--TOPICAL TERM
Topical Term Biochemical genetics
650 ## - SUBJECT ADDED ENTRY--TOPICAL TERM
Topical Term DNA
650 ## - SUBJECT ADDED ENTRY--TOPICAL TERM
Topical Term Evolution
650 ## - SUBJECT ADDED ENTRY--TOPICAL TERM
Topical Term Genetic apparatus
650 ## - SUBJECT ADDED ENTRY--TOPICAL TERM
Topical Term Heredity
650 ## - SUBJECT ADDED ENTRY--TOPICAL TERM
Topical Term Molecular genetics
650 ## - SUBJECT ADDED ENTRY--TOPICAL TERM
Topical Term Nucleic acid
650 ## - SUBJECT ADDED ENTRY--TOPICAL TERM
Topical Term Protein
650 ## - SUBJECT ADDED ENTRY--TOPICAL TERM
Topical Term RNA
700 ## - ADDED ENTRY--PERSONAL NAME
Personal name WOODWARD, Val W
942 ## - ADDED ENTRY ELEMENTS (KOHA)
Koha item type Books
Holdings
Withdrawn status Lost status Damaged status Not for loan Home library Current library Date acquired Full call number Accession Number Koha item type
        RRII Library RRII Library 16/12/2021 577.21 WOO 08656 Books